000 01223cam a2200337 a 4500
001 12221614
003 OSt
005 20240415115347.0
008 001103s2000 enka b 001 0 eng d
010 _a 00711135
015 _aGBA0-Z7686
020 _a0340731702
020 _a0340731710 (pbk.)
035 _a(OCoLC)ocm43339478
040 _aUKM
_cUKM
_dC#P
_dDLC
042 _alccopycat
082 _a155 GOL 2000
100 1 _aGoldberg, Susan.
_912155
245 1 0 _aAttachment and Development
260 _aLondon;
_bOxford University Press,
_c2000.
300 _ax, 301 p. :
_bill. ;
_c25 cm.
440 0 _aTexts in developmental psychology
_912156
504 _aIncludes bibliographical references (p. [251]-282) and indexes.
650 0 _aDevelopmental psychology
_912157
650 0 _aBehavior in children.
_916956
856 4 2 _3Publisher description
_uhttp://www.loc.gov/catdir/enhancements/fy0611/00711135-d.html
856 4 1 _3Table of contents only
_uhttp://www.loc.gov/catdir/enhancements/fy0611/00711135-t.html
906 _a7
_bcbc
_ccopycat
_d2
_encip
_f20
_gy-gencatlg
942 _2z
_cO_SHELF
999 _c5849
_d5849